000 00232nam a22000857a 4500
008 160624b xxu||||| |||| 00| 0 eng d
100 _91080
_aBrumfield, J.C
245 _aMystery At Midnight
260 _aChanbersburg
_bMcbeh Corporation
_c1946
999 _c866
_d866